| 000 | 00543cam a22001934a 4500 | ||
|---|---|---|---|
| 005 | 20250605164310.0 | ||
| 008 | 250528s ||||||||||||||||||||||||d | ||
| 035 | _a22471 | ||
| 020 | _a9789606706073 | ||
| 040 |
_aGR-AtMCL _bgre _dGR-AtMCL _eAACR2 |
||
| 245 | 1 | _aΣΤΑΤΙΣΤΙΚΗ ΑΝΑΛΥΣΗ ΚΟΙΝΩΝΙΚΩΝ ΔΕΔΟΜΕΝΩΝ ΜΕ ΤΟ SPSS 15.0 | |
| 250 | _a1 | ||
| 260 |
_bΣοφια, _c2008 |
||
| 300 | _a224 | ||
| 700 | 1 |
_aΣυμεωνακη Μαρια _98290 |
|
| 942 | _cBK | ||
| 999 |
_c7523 _d7523 |
||